ARRUPE JESUIT UNIVERSITY

CORONAVIRUS -STOP THE SPREAD - CLEAN,DISINFECT,COVER

From the Diary of a Snail (Record no. 118953)

MARC details
000 -LEADER
fixed length control field 00347nam a22001217a 4500
008 - FIXED-LENGTH DATA ELEMENTS--GENERAL INFORMATION
fixed length control field 131203b xxu||||| |||| 00| 0 eng d
050 ## - LIBRARY OF CONGRESS CALL NUMBER
Classification number PT2613.R338F7 1976
100 ## - MAIN ENTRY--PERSONAL NAME
Personal name Grass, Gunter
9 (RLIN) 4757
245 ## - TITLE STATEMENT
Title From the Diary of a Snail
Statement of responsibility, etc Grass, Gunter
Medium 1976
260 ## - PUBLICATION, DISTRIBUTION, ETC. (IMPRINT)
Place of publication, distribution, etc New Zealand
Name of publisher, distributor, etc Penguin Books
300 ## - PHYSICAL DESCRIPTION
Extent 270p.;
Dimensions 18p.
942 ## - ADDED ENTRY ELEMENTS (KOHA)
Source of classification or shelving scheme Library of Congress Classification
Item type Monograph ( Printed materials)
Holdings
Withdrawn status Lost status Source of classification or shelving scheme Damaged status Not for loan Home library Current library Date acquired Total Checkouts Full call number Barcode Date last seen Price effective from Koha item type
    Library of Congress Classification     ARRUPE LIBRARY ARRUPE LIBRARY 03/12/2013   PT2613.R338F7 1976 46411431 02/07/2019 03/12/2013 Monograph ( Printed materials)

 

Arrupe Library. PO Box MP320 Mt Pleasant, Harare, Zimbabwe
263 242 745411|librarian@aju.ac.zw